La Plaza de Loreto /

Uloženo v:
Podrobná bibliografie
Hlavní autor: Ruiz, Sonia L. de (autor)
Další autoři: Gurría Lacroix, Jorge (dirección editorial) (dirección editorial)
Médium: Kniha
Jazyk:španělština
Vydáno: México : INAH, Departamento de Monumentos Coloniales, 1971, c1971
Tagy: Přidat tag
Žádné tagy, Buďte první, kdo vytvoří štítek k tomuto záznamu!

MARC

LEADER 00000nam^a2200000^a^4500
001 000554033
005 20250526000000.0
009 20260310131650.415
037 |a Acervo ITESO - Biblioteca 
041 |a ESP 
091 |a FHA. 00499 
100 |a Ruiz, Sonia L. de  |e (autor) 
245 1 0 |a La Plaza de Loreto / 
264 4 |a México :  |b INAH, Departamento de Monumentos Coloniales,  |c 1971, c1971 
300 |a 54 p. ;  |c 23.0 cm. 
336 |a texto  |b txt  |2 rdacontenido 
337 |a sin mediación  |b n  |2 rdamedio 
338 |a volumen  |b nc  |2 rdasoporte 
515 |a Inventario familia Hartung: 667 
649 |a XX 
700 |a Gurría Lacroix, Jorge  |e (dirección editorial) 
910 |a Fondo Horst Hartung Franz 
920 |a Impresos - Libros 
930 |a Libros Antiguos y Raros 
905 |a 135 
901 |a 0500332369  |b IT2  |c LRA  |i D  |u 20250526 
902 |a https://opac.biblio.iteso.mx/vufind/Record/000554033